[Event "Match"]
[Site "www.echecsemail.com"]
[Date "2018.04.22"]
[Round "1"]
[White "Lcbunghai"]
[Black "Guidom"]
[WhiteElo "2020"]
[BlackElo "2100"]
[Result "1-0"]
[Round "1"]
1.d4 d5
2.c4 dxc4
3.e3 e6
4.Bf1xc4 Ng8f6
5.Ng1f3 Bf8e7
6.Nb1c3 c6
7.O-O O-O
8.a3 Nb8d7
9.Rf1e1 Nd7b6
10.Bc4a2 Nf6d5
11.Qd1c2 g6
12.e4 Nd5xc3
13.bxc3 Be7f6
14.Bc1h6 Bf6g7
15.Bh6xg7 Kxg7
16.a4 Qd8e7
17.a5 Nb6d7
18.Ba2b1 c5
19.e5 Ra8b8
20.h3 b6
21.axb6 axb6
22.h4 Bc8b7
23.Nf3g5 Rf8c8
24.Qc2d3 h6
25.Ng5f3 Bb7xf3
26.Qd3xf3 Qe7xh4
27.Ra1a7 Rc8d8
28.d5 Rb8a8
29.Ra7xa8 Rd8xa8
30.dxe6 { resign }
1-0

[Event "Match"]
[Site "www.echecsemail.com"]
[Date "2018.04.22"]
[Round "1"]
[White "Apdash"]
[Black "Geodad5"]
[WhiteElo "2210"]
[BlackElo "2210"]
[Result "1-0"]
[Round "1"]
1.e4 c5
2.Ng1f3 d6
3.d4 cxd4
4.Nf3xd4 Nb8c6
5.Bf1b5 Bc8d7
6.Nd4xc6 bxc6
7.Bb5d3 g6
8.O-O Bf8g7
9.c3 Ng8f6
10.f3 O-O
11.Bc1g5 Qd8b6
12.Rf1f2 Ra8d8
13.Qd1c2 Rf8e8
14.Kh1 h6
15.Bg5h4 Kh7
16.Nb1a3 Nf6g8
17.f4 f6
18.Na3c4 Qb6c7
19.e5 f5
20.exd6 Qc7b8
21.Rf2e2 Bg7f6
22.Bh4xf6 exf6
23.Ra1e1 h5
24.Re2xe8 Rd8xe8
25.Re1xe8 Qb8xe8
26.Qc2f2 Qe8b8
27.Qf2d4 Kg7
28.b3 Ng8h6
29.h3 Nh6f7
30.Kh2 Nf7d8
31.Qd4e3 Nd8e6
32.Qe3g3 Ne6c5
33.Bd3c2 Qb8b5
34.Qg3e3 Nc5e6
35.Qe3xa7 Ne6f8
36.Nc4b6 { resign }
1-0

[Event "Match"]
[Site "www.echecsemail.com"]
[Date "2018.04.22"]
[Round "1"]
[White "Krystek23"]
[Black "Gidi5"]
[WhiteElo "2500"]
[BlackElo "2270"]
[Result "1-0"]
[Round "1"]
1.c4 Ng8f6
2.Nb1c3 e6
3.g3 d5
4.d4 b6
5.Bf1g2 Bc8b7
6.cxd5 Nf6xd5
7.e4 Nd5xc3
8.bxc3 Bf8e7
9.Ng1e2 O-O
10.O-O Nb8d7
11.Rf1e1 c5
12.d5 exd5
13.exd5 Nd7f6
14.c4 Nf6e8
15.Bc1b2 Be7f6
16.Bb2xf6 Qd8xf6
17.Ne2f4 Ne8d6
18.Qd1c2 Bb7a6
19.Bg2f1 Ba6c8
20.Ra1c1 Bc8f5
21.Qc2b3 Nd6e4
22.h4 Qf6d4
23.Qb3e3 Ra8e8
24.Qe3xd4 cxd4
25.Rc1d1 g5
26.hxg5 Ne4xg5
27.Bf1e2 Re8xe2
28.Re1xe2 Bf5g4
29.Kf1 Ng5f3
30.Rd1d3 Nf3h2
31.Kg2 Bg4xe2
32.Nf4xe2 Nh2g4
33.Rd3xd4 Rf8e8
34.Ne2c3 Ng4f6
35.Kf3 a6
36.Nc3e4 Nf6d7
37.Ne4d6 Nd7e5
38.Kf4 Ne5g6
39.Kg5 Re8e2
40.f4 Re2xa2
41.Kf6 Ng6f8
42.Nd6xf7 Nf8d7
43.Ke7 Nd7c5
44.Nf7e5 b5
45.f5 Ra2e2
46.Rd4g4 { resign }
1-0

[Event "Match"]
[Site "www.echecsemail.com"]
[Date "2018.04.22"]
[Round "1"]
[White "Comrade"]
[Black "Fegatux"]
[WhiteElo "2320"]
[BlackElo "2119"]
[Result "1/2-1/2"]
[Round "1"]
1.c4 Ng8f6
2.Nb1c3 c5
3.Ng1f3 b6
4.d4 d6
5.d5 g6
6.h3 Bf8g7
7.e4 O-O
8.Bf1d3 a6
9.a4 a5
10.O-O Nf6d7
11.Bc1d2 Nb8a6
12.Qd1c1 Na6b4
13.Bd3b1 Bc8a6
14.b3 f6
15.Nc3e2 Ba6c8
16.Ne2f4 Nd7e5
17.Nf3xe5 fxe5
18.Nf4d3 Bc8d7
19.Nd3xb4 axb4
20.Bd2g5 Qd8e8
21.g4 Rf8f3
22.Kg2 Rf3xb3
23.Bb1a2 Rb3c3
24.Qc1b1 Rc3a3
25.Bg5c1 Ra3xa4
26.Bc1b2 Qe8c8
27.Ba2b3 Ra4a5
28.Qb1c2 Bg7h6
29.Ra1xa5 bxa5
30.Rf1a1 Qc8e8
31.Bb3a4 Bd7xa4
32.Ra1xa4 Bh6f4
33.Qc2d1 g5
34.Qd1a1 Qe8d8
35.f3 Kg7
36.Qa1d1 Qd8e8
37.Qd1a1 Qe8d8
{ draw }
1/2-1/2

[Event "Tourn. n9749"]
[Site "www.chess-mail.com"]
[Date "2018.04.23"]
[Round "1"]
[White "Gegonz"]
[Black "Picifarkinca"]
[WhiteElo "1610"]
[BlackElo "1740"]
[Result "1-0"]
[Round "1"]
1.Ng1f3 d5
2.e4 c6
3.Nb1c3 dxe4
4.Nc3xe4 Nb8d7
5.Bf1c4 e6
6.O-O Ng8f6
7.Ne4xf6 Nd7xf6
8.d4 Bf8d6
9.Bc1g5 h6
10.Bg5d2 O-O
11.Rf1e1 Qd8c7
12.Nf3e5 Nf6d5
13.Bc4d3 f6
14.Ne5f3 Bc8d7
15.c4 Nd5f4
16.Bd3c2 Ra8e8
17.c5 Bd6e7
18.Bd2xf4 Qc7c8
19.Qd1d3 f5
20.Nf3e5 Be7f6
21.Ne5c4 Bf6e7
22.Qd3g3 g5
23.Nc4d6 Be7xd6
24.Bf4xd6 { resign }
1-0

[Event "Tourn. n9700"]
[Site "www.chess-mail.com"]
[Date "2018.04.23"]
[Round "1"]
[White "Fabos12"]
[Black "Osopanda"]
[WhiteElo "1980"]
[BlackElo "1800"]
[Result "1-0"]
[Round "1"]
1.d4 d5
2.Bc1f4 Ng8f6
3.Ng1f3 e6
4.e3 Bf8d6
5.Nf3e5 O-O
6.h3 Nb8d7
7.Ne5xd7 Bc8xd7
8.Bf4xd6 cxd6
9.Bf1d3 e5
10.c3 e4
11.Bd3c2 Bd7e6
12.Nb1d2 Qd8d7
13.f3 exf3
14.Nd2xf3 Nf6e4
15.Bc2xe4 dxe4
16.Nf3d2 f5
17.Qd1e2 a6
18.c4 f4
19.Nd2xe4 fxe3
20.d5 Be6f5
21.Ne4g3 Bf5g6
22.O-O-O Rf8f2
23.Qe2g4 Qd7xg4
24.hxg4 Rf2c2
25.Kb1 Rc2xg2
26.Ng3f5 Bg6xf5
27.gxf5 Ra8f8
28.Rd1e1 e2
29.Kc2 Rf8xf5
30.Kd3 Rf5f3
31.Ke4 Rf3f8
32.b3 b5
33.Ke3 bxc4
34.bxc4 Rg2g4
35.Re1xe2 Rg4xc4
36.Kd3 Rc4a4
37.Kc3 Rf8f3
38.Kb2 Rf3d3
39.Rh1f1 Ra4b4
40.Kc2 { resign }
1-0

[Event "Tourn. n9772"]
[Site "www.chess-mail.com"]
[Date "2018.04.23"]
[Round "1"]
[White "Andychesston"]
[Black "Piekki"]
[WhiteElo "2090"]
[BlackElo "2170"]
[Result "0-1"]
[Round "1"]
1.e4 c6
2.d4 d5
3.exd5 cxd5
4.Ng1f3 Nb8c6
5.Bf1b5 Qd8b6
6.Nb1c3 Ng8f6
7.Nf3e5 Bc8d7
8.Bc1e3 e6
9.a3 Qb6c7
10.Be3f4 Bf8d6
11.O-O O-O
12.Bf4g3 a6
13.Ne5xd7 Qc7xd7
14.Bg3xd6 Qd7xd6
15.Bb5e2 b5
16.Be2f3 Rf8c8
17.Nc3e2 b4
18.a4 a5
19.c3 bxc3
20.bxc3 g5
21.g3 g4
22.Bf3g2 Nf6e4
23.f3 gxf3
24.Bg2xf3 f5
25.Bf3xe4 dxe4
26.Ne2f4 Nc6e7
27.Nf4h5 Kf7
28.Ra1b1 Rc8xc3
29.Rb1b5 Rc3d3
30.Qd1e2 Qd6xd4
31.Rf1f2 e3
32.Rf2f1 Rd3d2
33.Qe2f3 e2
34.Rf1f2 e1Q
35.Kg2 Rd2xf2
36.Qf3xf2 Qe1xf2
37.Kh3 Qf2f1

0-1

[Event "Tourn. n9787"]
[Site "www.chess-mail.com"]
[Date "2018.04.23"]
[Round "1"]
[White "Reda"]
[Black "Iko"]
[WhiteElo "1790"]
[BlackElo "1750"]
[Result "1-0"]
[Round "1"]
1.d4 d5
2.Bc1f4 Nb8c6
3.Nb1c3 Bc8f5
4.a3 a6
5.e3 e6
6.Bf1d3 Qd8f6
7.Bf4xc7 Qf6e7
8.Bd3xf5 Qe7xc7
9.Bf5d3 O-O-O
10.Qd1g4 b5
11.Ng1f3 f5
12.Qg4f4 Qc7a5
13.O-O b4
14.axb4 Qa5xb4
15.Bd3xa6 Kd7
16.Ba6b5 Qb4xb2
17.Bb5xc6 Kxc6
18.Ra1a6 Kb7
19.Nc3a4 Qb2xc2
20.Na4c5 Bf8xc5
21.Rf1a1 Ng8f6
22.Ra6a2 Qc2c3
23.Ra1b1 Bc5b4
24.Ra2b2 Kc6
25.Rb2xb4 Rd8b8
26.Rb4xb8 Rh8xb8
27.Qf4xb8 Nf6e4
28.Rb1b6 Kd7
29.Rb6b7 Kc6
30.Rb7c7 Kd6
31.Qb8d8 
1-0

[Event "Tourn. n9780"]
[Site "www.chess-mail.com"]
[Date "2018.04.23"]
[Round "1"]
[White "Bojan"]
[Black "Bira47"]
[WhiteElo "1960"]
[BlackElo "1950"]
[Result "1-0"]
[Round "1"]
1.e4 c5
2.c3 e6
3.Ng1f3 a6
4.d4 cxd4
5.Nf3xd4 b5
6.Bf1e2 Bc8b7
7.f3 h6
8.Bc1f4 Nb8c6
9.Nb1d2 Ng8f6
10.Nd2b3 e5
11.Nd4xc6 Bb7xc6
12.Bf4xe5 Bf8e7
13.Qd1d4 O-O
14.Ra1d1 Rf8e8
15.O-O Ra8c8
16.Nb3c5 Be7xc5
17.Qd4xc5 Bc6xe4
18.Qc5d4 Be4c6
19.Be2d3 d5
20.Bd3f5 Rc8a8
21.b3 Bc6b7
22.Rf1e1 Re8e7
23.Re1e3 Qd8e8
24.Rd1e1 Ra8d8
25.Be5xf6 gxf6
26.Re3xe7 Qe8c6
27.Qd4g4 Kf8
28.Qg4h5 Qc6c5
29.Kh1 Qc5xe7
30.Qh5xh6 Ke8
31.Qh6h8 { resign }
1-0

[Event "Tourn. n9752"]
[Site "www.chess-mail.com"]
[Date "2018.04.23"]
[Round "1"]
[White "Esperanza"]
[Black "Ditto"]
[WhiteElo "2040"]
[BlackElo "1880"]
[Result "0-1"]
[Round "1"]
1.d4 d5
2.c4 c6
3.Nb1c3 Bc8f5
4.cxd5 cxd5
5.Qd1b3 e6
6.Qb3xb7 Nb8d7
7.Bc1f4 Bf8e7
8.e3 Be7f6
9.Bf1b5 Ng8e7
 { time }
0-1

[Event "Tourn. n9759"]
[Site "www.chess-mail.com"]
[Date "2018.04.23"]
[Round "1"]
[White "Esperanza"]
[Black "Prize64"]
[WhiteElo "2040"]
[BlackElo "2140"]
[Result "0-1"]
[Round "1"]
1.d4 e6
2.c4 Ng8f6
3.Nb1c3 Bf8b4
4.Qd1c2 c5
5.dxc5 Bb4xc5
6.e3 O-O
7.Ng1f3 Nb8c6
8.a3 a5
 { time }
0-1

[Event "Tourn. n9748"]
[Site "www.chess-mail.com"]
[Date "2018.04.23"]
[Round "1"]
[White "Esperanza"]
[Black "Sefj"]
[WhiteElo "2040"]
[BlackElo "1809"]
[Result "0-1"]
[Round "1"]
1.d4 d5
2.c4 dxc4
3.Ng1f3 b5
4.e3 c5
5.a4 Bc8a6
6.axb5 Ba6xb5
7.Nf3e5 cxd4
8.Qd1f3 Ng8f6
9.Qf3xa8 dxe3
10.Bc1xe3 Qd8c7
11.Ne5f3 Bb5c6
12.Qa8xa7 Qc7d6
13.Nb1d2 Nf6e4
 { time }
0-1

[Event "Tourn. n9768"]
[Site "www.chess-mail.com"]
[Date "2018.04.23"]
[Round "1"]
[White "Rons"]
[Black "Seger"]
[WhiteElo "2650"]
[BlackElo "2790"]
[Result "1/2-1/2"]
[Round "1"]
1.e4 e5
2.Ng1f3 Nb8c6
3.Bf1b5 Ng8f6
4.O-O Nf6xe4
5.d4 Ne4d6
6.Bb5xc6 dxc6
7.dxe5 Nd6f5
8.Qd1xd8 Kxd8
9.Nb1c3 Ke8
10.h3 Bf8e7
11.g4 Nf5h4
12.Nf3xh4 Be7xh4
13.Kg2 h5
14.f3 b6
15.a4 a5
16.Bc1f4 Ke7
17.e6 Bc8xe6
18.Bf4xc7 hxg4
19.fxg4 Kd7
20.Bc7e5 Ra8g8
21.Ra1d1 Kc8
22.Rd1d6 Kb7
23.b3 Rh8h6
24.Nc3e4 Bh4e7
25.Rd6d4 Ka6
26.c4 Be6c8
27.Ne4d6 Be7xd6
28.Rd4xd6 Rh6xd6
29.Be5xd6 Bc8e6
30.Bd6e5 f6
{ draw }
1/2-1/2

[Event "Tourn. n9794"]
[Site "www.chess-mail.com"]
[Date "2018.04.23"]
[Round "1"]
[White "Fantomas"]
[Black "Add"]
[WhiteElo "2130"]
[BlackElo "2210"]
[Result "1/2-1/2"]
[Round "1"]
1.c4 Ng8f6
2.d4 d5
3.Nb1c3 dxc4
4.e4 h6
5.Bf1xc4 e6
6.a3 c6
7.Ng1f3 Nb8d7
8.h3 b5
9.Bc4d3 a6
10.O-O Bc8b7
11.Bc1e3 Nd7b6
12.Qd1c2 Bf8e7
13.Rf1d1 Nf6d7
14.b3 Qd8c7
15.Nc3e2 Be7f6
16.Ra1b1 Ra8c8
17.Be3f4 e5
18.dxe5 Nd7xe5
19.Kf1 Qc7e7
20.Nf3xe5 Bf6xe5
21.Bf4e3 Nb6d7
22.b4 O-O
23.f4 Be5c7
24.Qc2d2 Bc7b6
25.Ne2d4 Bb6xd4
26.Be3xd4 c5
27.bxc5 Nd7xc5
28.Qd2b4 Rf8e8
29.Bd4xc5 Rc8xc5
30.e5 Qe7c7
31.Qb4b2 Bb7d5
32.Rb1c1 Bd5c4
33.Bd3xc4 Rc5xc4
34.g3 Qc7c8
35.Kg2 Qc8c6
36.Kf2 Re8c8
37.Rc1xc4 Qc6xc4
38.Rd1d4 Qc4c2
39.Qb2xc2 Rc8xc2
40.Ke3 Rc2c3
41.Rd4d3 Rc3c4
42.Rd3b3 Kf8
43.Kd3 Ke7
44.Rb3b4 Rc4c1
45.Rb4b3 Rc1c4
46.Rb3c3 Rc4a4
47.Kc2 { draw }
1/2-1/2

[Event "Tourn. n9718"]
[Site "www.chess-mail.com"]
[Date "2018.04.23"]
[Round "1"]
[White "Esperanza"]
[Black "Malbertan"]
[WhiteElo "2020"]
[BlackElo "1920"]
[Result "0-1"]
[Round "1"]
1.d4 c6
2.c4 d6
3.Ng1f3 Ng8f6
4.Nb1c3 Bc8g4
5.e4 Nb8d7
6.Bf1e2 e5
7.d5 Bf8e7
8.O-O O-O
9.Bc1g5 h6
10.Bg5e3 Nd7b6
11.Nf3d2 Qd8d7
12.h3 Bg4xe2
13.Qd1xe2 Nf6h7
14.f4 exf4
15.Be3xf4 Be7g5
16.Bf4xg5 Nh7xg5
17.Rf1f2 Ra8e8
18.Ra1f1 Nb6c8
19.h4 Ng5h7
20.Qe2f3 Nh7f6
21.Qf3g3 Qd7g4
22.Qg3h2 Nf6d7
23.Rf2f4 Qg4g6
24.h5 Qg6g5
25.Nd2f3 Qg5e7
 { time }
0-1

[Event "Tourn. n9617"]
[Site "www.chess-mail.com"]
[Date "2018.04.23"]
[Round "1"]
[White "Seger"]
[Black "Pdebonis"]
[WhiteElo "2770"]
[BlackElo "2700"]
[Result "1-0"]
[Round "1"]
1.d4 Ng8f6
2.c4 c5
3.d5 e6
4.Nb1c3 exd5
5.cxd5 d6
6.e4 g6
7.Ng1f3 Bf8g7
8.Bc1g5 h6
9.Bg5f4 O-O
10.Nf3d2 a6
11.a4 Nf6e8
12.Nd2c4 f5
13.exf5 Bc8xf5
14.Bf1e2 g5
15.Bf4g3 Nb8d7
16.O-O Nd7e5
17.Bg3xe5 Bg7xe5
18.Nc4xe5 dxe5
19.d6 Qd8xd6
20.Qd1b3 Kg7
21.Qb3xb7 Ne8c7
22.Rf1d1 Qd6e7
23.Qb7c6 Ra8c8
24.Be2d3 Bf5xd3
25.Rd1xd3 Nc7e6
26.Qc6d6 Qe7f7
27.Qd6xe5 Kh7
28.Nc3e4 Ne6d4
29.Kh1 Qf7f4
30.Qe5xf4 Rf8xf4
31.Ra1e1 Nd4c2
32.Re1e2 Nc2d4
33.Re2e3 Rc8c6
34.g3 Rf4f7
35.Rd3d2 Nd4f5
36.Re3d3 Rf7e7
37.Rd3d7 Kg6
38.Rd7xe7 Nf5xe7
39.Rd2d7 Ne7c8
40.a5 Kf5
41.f3 Ke6
42.Rd7h7 Ke5
43.Kg2 c4
44.g4 Kd4
45.Rh7d7 Ke5
46.Kg3 Ke6
47.Rd7h7 Ke5
48.h4 gxh4
49.Kxh4 Kf4
50.Rh7f7 Ke3
51.Kg3 Nc8d6
52.Ne4xd6 Rc6xd6
53.Rf7e7 Kd2
54.Re7c7 Rd6d4
55.Rc7b7 Rd4d5
56.f4 Rd5xa5
57.f5 Ra5a1
58.Kf2 { resign }
1-0

[Event "Tourn. n9725"]
[Site "www.chess-mail.com"]
[Date "2018.04.23"]
[Round "1"]
[White "Apdash"]
[Black "Esperanza"]
[WhiteElo "2180"]
[BlackElo "2040"]
[Result "1-0"]
[Round "1"]
1.e4 c5
2.Ng1f3 d6
3.d4 cxd4
4.Nf3xd4 Ng8f6
5.Bf1d3 e6
6.c3 a6
7.f4 Qd8c7
8.O-O Bf8e7
9.Qd1c2 Nb8c6
10.Bc1e3 Nf6g4
11.Qc2e2 Ng4xe3
12.Qe2xe3 O-O
13.Kh1 b5
14.Qe3h3 Bc8b7
15.e5 g6
16.exd6 Qc7xd6
17.Nd4xc6 Bb7xc6
18.Nb1a3 Qd6d5
19.Ra1d1 Qd5xa2
20.Na3c2 Qa2xb2
21.Nc2d4 Bc6b7
22.Bd3e2  { time }
1-0

[Event "Tourn. n9779"]
[Site "www.chess-mail.com"]
[Date "2018.04.23"]
[Round "1"]
[White "Prize64"]
[Black "Coolant"]
[WhiteElo "2130"]
[BlackElo "2290"]
[Result "1-0"]
[Round "1"]
1.e4 Nb8c6
2.Ng1f3 e5
3.Bf1c4 Ng8f6
4.d3 Bf8c5
5.c3 a5
6.a4 d6
7.O-O Bc8g4
8.h3 Bg4xf3
9.Qd1xf3 h6
10.Nb1a3 O-O
11.Na3c2 Qd8e7
12.Nc2e3 Nc6d8
13.Ne3f5 Qe7e8
14.Nf5xh6 { resign }
1-0

[Event "Tourn. n9799"]
[Site "www.chess-mail.com"]
[Date "2018.04.23"]
[Round "1"]
[White "Bigrezi"]
[Black "Piekki"]
[WhiteElo "2220"]
[BlackElo "2140"]
[Result "1-0"]
[Round "1"]
1.e4 e6
2.d4 d5
3.exd5 exd5
4.Ng1f3 Nb8c6
5.Bf1b5 Bf8d6
6.O-O Ng8e7
7.c4 a6
8.Bb5xc6 bxc6
9.c5 { resign }
1-0

[Event "Match"]
[Site "www.echecsemail.com"]
[Date "2018.04.23"]
[Round "1"]
[White "Fegatux"]
[Black "Gimmyg"]
[WhiteElo "2370"]
[BlackElo "2490"]
[Result "0-1"]
[Round "1"]
1.e4 g6
2.d4 Bf8g7
3.Ng1f3 d6
4.Nb1c3 c6
5.Bf1d3 Ng8f6
6.O-O O-O
7.Bc1g5 Nb8d7
8.Qd1d2 e5
9.d5 Qd8c7
10.Rf1e1 cxd5
11.exd5 a6
12.Bg5h6 b5
13.b4 Bg7xh6
14.Nc3xb5 Bh6xd2
15.Nb5xc7 Bd2xe1
16.Nc7xa8 Be1xb4
17.Na8c7 e4
18.Bd3f1 exf3
19.gxf3 Nd7c5
20.Nc7a8 Bb4a5
21.Ra1b1 Nf6xd5
22.Rb1d1 Bc8b7
{ resign }
0-1

[Event "Match"]
[Site "www.echecsemail.com"]
[Date "2018.04.23"]
[Round "1"]
[White "Guillaumefi"]
[Black "Dussek"]
[WhiteElo "1399"]
[BlackElo "1790"]
[Result "1-0"]
[Round "1"]
1.e4 c6
2.d4 d5
3.Nb1c3 dxe4
4.Nc3xe4 Bc8f5
5.Ne4g3 Bf5g6
6.Ng1f3 h6
7.b3 Ng8f6
8.Bc1b2 e6
9.Bf1d3 Bg6xd3
10.Qd1xd3 Bf8d6
11.O-O-O O-O
12.h3 Nb8d7
13.h4 Qd8e7
14.Rh1e1 Nf6g4
15.Rd1d2 Bd6b4
16.c3 Bb4a5
17.Nf3e5 Ng4xe5
18.dxe5 Ra8d8
19.Qd3e3 Ba5b6
20.Qe3f4 Bb6c7
21.c4 f5
22.Re1d1 b6
23.Ng3e2 Nd7c5
24.Ne2d4 Nc5e4
25.Nd4xc6 Qe7f7
26.Nc6xd8 Bc7xd8
27.Rd2xd8 { resign }
1-0

[Event "Match"]
[Site "www.echecsemail.com"]
[Date "2018.04.23"]
[Round "1"]
[White "Add"]
[Black "Jovaras"]
[WhiteElo "2180"]
[BlackElo "2130"]
[Result "1/2-1/2"]
[Round "1"]
1.c4 e5
2.Nb1c3 Nb8c6
3.a3 g6
4.e4 Bf8g7
5.Ng1f3 d6
6.d3 Ng8e7
7.h3 O-O
8.Ra1b1 f5
9.b4 f4
10.Bc1b2 Bc8e6
11.Nc3d5 Kh8
12.Nf3g5 Be6g8
13.Ng5f3 Ne7xd5
14.cxd5 Nc6e7
15.d4 exd4
16.Bb2xd4 Bg8f7
17.Bd4xg7 Kxg7
18.Qd1d4 Kg8
19.Bf1e2 Rf8e8
20.Nf3g5 h6
21.Ng5xf7 Kxf7
22.Qd4d2 g5
23.Be2h5 Ne7g6
24.f3 Re8g8
25.Rb1c1 Kg7
26.Bh5xg6 Kxg6
27.Qd2c2 Ra8c8
28.e5 Kg7
29.e6 c6
30.Qc2c3 Kh7
31.Qc3d3 Kh8
32.O-O Qd8e7
33.Rf1e1 cxd5
34.Rc1xc8 Rg8xc8
35.Qd3xd5 Rc8e8
36.Qd5d4 Kh7
37.Qd4xa7 Kg7
38.Qa7d4 Kg6
39.a4 Qe7f6
40.Qd4xd6 Re8e7
41.b5 Kf5
42.Qd6d5 Kg6
43.b6 Qf6c3
44.Kf1 Qc3b4
45.a5 Kg7
46.Re1c1 Kf6
47.Rc1e1 Kg7
48.Qd5e5 Kg6
49.Kg1 Qb4d2
50.Re1e2 Qd2b4
51.Kh2 Qb4b3
52.Qe5d6 Kf6
53.Re2e5 Qb3c3
54.Re5f5 Kxf5
55.Qd6xe7 Qc3e1
56.Qe7f8 Ke5
57.Qf8b8 Kf6
58.Qb8h8 Kf5
59.Qh8f8 Ke5
60.Qf8c5 Kxe6
61.Qc5c8 Kf6
62.Qc8xb7 Qe1g3
{ draw }
1/2-1/2

[Event "Match"]
[Site "www.echecsemail.com"]
[Date "2018.04.23"]
[Round "1"]
[White "Guidom"]
[Black "Jovaras"]
[WhiteElo "2100"]
[BlackElo "2090"]
[Result "0-1"]
[Round "1"]
1.e4 c5
2.Ng1f3 d6
3.d4 cxd4
4.Nf3xd4 Ng8f6
5.Nb1c3 a6
6.Bf1e2 e5
7.Nd4f3 Bf8e7
8.O-O Bc8e6
9.Bc1e3 Nb8d7
10.h3 O-O
11.Be2d3 b5
12.Qd1d2 Nd7c5
13.Ra1d1 b4
14.Nc3e2 Nc5xe4
15.Qd2xb4 d5
16.Qb4e1 Be7d6
17.Ne2c3 Ne4xc3
18.bxc3 e4
19.Nf3d4 exd3
20.cxd3 Qd8a5
21.Qe1d2 Ra8c8
22.Rd1c1 Be6d7
23.Be3g5 Nf6e8
24.Rf1e1 Bd6a3
25.Rc1c2 Bd7a4
26.Nd4b3 Qa5c7
27.d4 Ne8d6
28.Re1e7 Qc7c4
29.Re7e3 Nd6e4
30.Re3xe4 dxe4
31.Qd2f4 Ba4xb3
32.axb3 Qc4xb3
33.Qf4xe4 Rc8xc3
34.Rc2e2 h6
35.Bg5xh6 Ba3c1
36.Bh6xc1 Rc3xc1
37.Kh2 Rf8c8
38.Re2e3 Qb3b8
39.Re3g3 Qb8b1
40.Rg3g4 Qb1xe4
{ resign }
0-1

[Event "Match"]
[Site "www.echecsemail.com"]
[Date "2018.04.23"]
[Round "1"]
[White "Krystek23"]
[Black "Fegatux"]
[WhiteElo "2490"]
[BlackElo "2029"]
[Result "1-0"]
[Round "1"]
1.c4 d6
2.Nb1c3 e5
3.e4 f5
4.d3 Ng8f6
5.Bc1g5 Bc8e6
6.Bf1e2 f4
7.Ng1f3 h6
8.Bg5xf6 Qd8xf6
9.Nc3d5 Qf6f7
10.O-O g5
11.Nf3xe5 Qf7g7
12.Ne5g6 Nb8a6
13.Ng6xh8 Qg7xh8
14.Be2h5 Kd7
15.Bh5g4 Na6c5
16.d4 Nc5xe4
17.f3 Be6xg4
18.fxg4 Bf8g7
19.Rf1e1 Bg7xd4
20.Kf1 Ra8e8
21.Qd1d3 Qh8e5
22.Ra1d1 c5
23.Re1e2 Bd4e3
24.Nd5xe3 fxe3
25.Re2xe3 Qe5f4
26.Kg1 Qf4f2
27.Kh1 Qf2f4
28.Re3f3 Qf4e5
29.Qd3a3 Ne4f6
30.Qa3xa7 Kc7
31.Qa7a5 Kb8
32.Qa5b6 Nf6xg4
33.g3 Kc8
34.Qb6xd6 Qe5xd6
35.Rd1xd6 Kc7
36.Rd6d1 Re8e2
37.Rf3f7 Kc6
38.Kg1 b5
39.Rf7d7 Re2e6
40.h3 Ng4e5
41.cxb5 Kxb5
42.Rd1d6 Re6e8
43.Rd7d8 Re8e7
44.Rd6xh6 Ne5c6
45.a4 Kb6
46.Rd8d6 Re7c7
47.a5 Kb5
48.a6 Nc6e5
49.Rd6b6 Kc4
50.Rb6b7 Rc7c8
51.a7 Rc8a8
52.Rh6a6 { resign }
1-0

[Event "Match"]
[Site "www.echecsemail.com"]
[Date "2018.04.23"]
[Round "1"]
[White "Emmanuel69"]
[Black "Fegatux"]
[WhiteElo "1940"]
[BlackElo "2169"]
[Result "0-1"]
[Round "1"]
1.c4 e5
2.Nb1c3 Ng8f6
3.d3 c6
4.g3 Bf8e7
5.Bf1g2 O-O
6.Ng1f3 d6
7.O-O Bc8g4
8.h3 Bg4h5
9.Nf3d2 Nb8a6
10.a3 Na6c7
11.g4 Bh5g6
12.Nd2e4 Nf6xe4
13.Nc3xe4 f5
14.gxf5 Bg6h5
15.Ne4g3 Bh5e8
16.e4 c5
17.f4 b5
18.fxe5 dxe5
19.b3 Qd8d4
20.Kh1 Qd4xa1
21.Bc1e3 Qa1xd1
22.Rf1xd1 a5
23.Bg2f1 a4
24.bxa4 Ra8xa4
25.cxb5 Nc7xb5
26.Rd1c1 Ra4xa3
27.Be3xc5 Be7xc5
28.Rc1xc5 Nb5d4
29.Rc5xe5 Ra3a2
30.Bf1g2 Ra2d2
31.Bg2f1 Nd4f3
{ resign }
0-1

[Event "1/128 Finale"]
[Site "www.chess-mail.com"]
[Date "2018.04.23"]
[Round "1"]
[White "Numanoid"]
[Black "Bevittsmith"]
[WhiteElo "2410"]
[BlackElo "2230"]
[Result "1-0"]
[Round "1"]
1.d4 Ng8f6
2.Bc1g5 Nf6e4
3.Bg5h4 g5
4.f3 gxh4
5.fxe4 c5
6.e3 Bf8h6
7.Qd1d3 Nb8c6
8.Ng1f3 Qd8b6
9.Nb1a3 Qb6xb2
10.Ra1b1 Qb2xa2
11.Qd3c3 cxd4
12.exd4 Qa2e6
13.d5 Qe6xe4
14.Kf2 O-O
15.dxc6 Bh6g7
16.Rb1e1 Qe4xc6
17.Qc3xc6 dxc6
18.Re1xe7 Bg7f6
19.Re7e3 a5
20.Bf1e2 a4
21.c3 Rf8d8
22.Na3c4 Bc8e6
23.Nc4b6 Ra8a5
24.Rh1a1 a3
25.Nb6c4 Ra5c5
26.Nc4xa3 Rc5xc3
27.Re3xc3 Bf6xc3
28.Ra1b1 b5
29.Na3c2 Be6a2
30.Rb1c1 b4
31.Nc2e3 b3
32.Rc1xc3 b2
33.Rc3d3 b1Q
34.Rd3xd8 Kg7
35.Nf3xh4 Ba2e6
36.Rd8d4 c5
37.Rd4f4 Qb1b8
38.g3 Qb8b7
39.Nh4f3 h6
40.Nf3e5 Qb7h1
41.Rf4h4 c4
42.Ne5xc4 { resign }
1-0

[Event "1/128 Finale"]
[Site "www.chess-mail.com"]
[Date "2018.04.23"]
[Round "1"]
[White "Bojan"]
[Black "Reignblowcan"]
[WhiteElo "1980"]
[BlackElo "1499"]
[Result "0-1"]
[Round "1"]
1.e4 e5
2.Ng1f3 Nb8c6
3.c3 d5
4.exd5 Qd8xd5
5.b3 e4
6.Bf1c4 Qd5f5
7.Nf3d4 Qf5g6
8.g3 Nc6xd4
9.cxd4 Bc8h3
10.Bc4f1 Bh3xf1
11.Rh1xf1 O-O-O
12.Bc1b2 Ng8f6
13.Qd1e2 Kb8
14.Nb1a3 Bf8xa3
15.Bb2c3 Nf6d5
16.f4 e3
17.f5 Qg6c6
18.Qe2d3 Rh8e8
19.Kd1 e2
20.Kc2 Nd5b4
21.Kb1 e1Q
{ resign }
0-1

[Event "Fast Game"]
[Site "www.echecsemail.com"]
[Date "2018.04.23"]
[Round "1"]
[White "Coolant"]
[Black "Pforjan"]
[WhiteElo "1799"]
[BlackElo "1939"]
[Result "0-1"]
[Round "1"]
1.d4 Ng8f6
2.c4 e5
3.dxe5 Nf6g4
4.Bc1f4 Nb8c6
5.Ng1f3 Bf8b4
6.Nb1c3 Bb4xc3
7.bxc3 Qd8e7
8.Qd1d5 f6
9.exf6 Ng4xf6
10.Qd5d3 d6
11.g3 O-O
12.Bf1g2 Bc8g4
13.O-O Ra8e8
14.h3 Bg4h5
15.Nf3d4 Nc6e5
16.Qd3b1 c6
17.Qb1b3 Bh5f7
18.Rf1b1 c5
19.Nd4f5 Qe7d7
20.Nf5e3 b6
21.Bf4xe5 Re8xe5
22.a4 Re5xe3
23.fxe3 Qd7e6
24.e4 Qe6e5
25.g4 Nf6xe4
26.Qb3c2 Ne4xc3
27.Rb1e1 Bf7xc4
28.e3 Nc3e2
29.Kh1 d5
30.Ra1a3 Rf8f2
{ resign }
0-1

[Event "Tourn. n9733"]
[Site "www.chess-mail.com"]
[Date "2018.04.24"]
[Round "1"]
[White "Julian"]
[Black "Esperanza"]
[WhiteElo "1810"]
[BlackElo "2040"]
[Result "1-0"]
[Round "1"]
1.e4 c5
2.Ng1f3 d6
3.d4 cxd4
4.Nf3xd4 Ng8f6
5.Nb1c3 e6
6.Bf1c4 a6
7.O-O b5
8.Bc4e2 b4
9.Nc3b1 Nf6xe4
10.c3 bxc3
11.Nb1xc3 Ne4xc3
12.bxc3 Bf8e7
13.Be2f3 d5
14.c4 Bc8b7
15.cxd5 Bb7xd5
16.Bf3xd5 Qd8xd5
17.Bc1e3  { time }
1-0

[Event "Tourn. n9788"]
[Site "www.chess-mail.com"]
[Date "2018.04.24"]
[Round "1"]
[White "Caroluigi"]
[Black "Griffo30"]
[WhiteElo "2120"]
[BlackElo "2230"]
[Result "0-1"]
[Round "1"]
1.d4 Ng8f6
2.c4 e6
3.Ng1f3 b6
4.Nb1c3 Bc8b7
5.e3 Bf8b4
6.a3 Bb4xc3
7.bxc3 O-O
8.Bf1d3 d5
9.cxd5 Nf6xd5
10.Qd1c2 h6
11.e4 Nd5e7
12.O-O Nb8d7
13.Rf1e1 c5
14.h3 Ra8c8
15.Qc2e2 Ne7g6
16.Bd3a6 Qd8c7
17.Ba6xb7 Qc7xb7
18.Bc1d2 cxd4
19.cxd4 Rc8c2
20.Qe2d1 Rf8c8
21.Ra1c1 Rc2xc1
22.Bd2xc1 Nd7f6
23.Nf3d2 a6
24.g3 b5
25.f3 Qb7c7
26.e5 Nf6d5
27.Nd2e4 Nd5c3
28.Qd1c2 Qc7c4
29.Ne4d6 Qc4xd4
30.Bc1e3 Qd4xe5
31.Nd6xc8 Qe5xg3
32.Kf1 Ng6h4
33.Re1e2 Qg3xh3
34.Ke1 Nh4xf3
35.Kf2 Nc3d5
36.Qc2e4 Nd5f6
37.Nc8e7 Kh8
38.Qe4a8 Kh7
39.Re2c2 Nf6g4
40.Ke2 Qh3g2
{ resign }
0-1

[Event "Tourn. n9754"]
[Site "www.chess-mail.com"]
[Date "2018.04.24"]
[Round "1"]
[White "Amaya"]
[Black "Prize64"]
[WhiteElo "2140"]
[BlackElo "2150"]
[Result "0-1"]
[Round "1"]
1.d4 Ng8f6
2.e3 d5
3.Bf1d3 c5
4.c3 e6
5.Nb1d2 Nb8c6
6.f4 cxd4
7.cxd4 Bc8d7
8.a3 Bf8d6
9.Ng1f3 O-O
10.O-O Nf6g4
11.Qd1e2 Ra8c8
12.Nf3e5 Ng4xe5
13.fxe5 Bd6e7
14.Qe2h5 g6
15.Qh5h6 Be7g5
16.Qh6h3 f5
17.exf6 e5
18.Qh3g3 Bg5xf6
19.Nd2f3 e4
20.Bd3xe4 dxe4
21.Nf3d2 Qd8e7
22.Nd2c4 Bf6h4
23.Qg3d6 Rf8xf1
24.Kxf1 Rc8f8
25.Kg1 Qe7f7
26.Bc1d2 Qf7f2
{ resign }
0-1

[Event "Tourn. n9718"]
[Site "www.chess-mail.com"]
[Date "2018.04.24"]
[Round "1"]
[White "Falcoale"]
[Black "Esperanza"]
[WhiteElo "1960"]
[BlackElo "2020"]
[Result "1-0"]
[Round "1"]
1.e4 c5
2.Ng1f3 d6
3.Bf1b5 Bc8d7
4.Bb5xd7 Qd8xd7
5.d4 cxd4
6.Nf3xd4 Ng8f6
7.Nb1c3 e6
8.O-O Bf8e7
9.f4 Nb8c6
10.Nd4f3 O-O
11.Qd1e2 a6
12.h3 b5
13.Bc1e3 b4
14.Nc3d1 Nf6xe4
15.Be3f2 Ne4xf2
16.Qe2xf2 Be7f6
17.c3 bxc3
18.Nd1xc3 Bf6xc3
19.bxc3 Nc6a5
20.Qf2d4 Rf8c8
21.Rf1d1 d5
22.Ra1c1 Rc8c4
23.Qd4d3 Ra8c8
24.Kh1 Qd7c6
25.Nf3e5 Qc6a4
26.Ne5xc4 Na5xc4
27.Rc1a1  { time }
1-0